Countries With No As - Statistics

General Stats
  • This quiz has been taken 100 times
    15 since last reset
  • The average score is 18 of 29
Answer Stats
Starting Letter Country % Correct
Y Yemen
100%
F Fiji
92%
C Chile
83%
P Peru
83%
T Togo
83%
B Benin
75%
B Brunei
75%
D Djibouti
75%
E Egypt
75%
S Sweden
75%
B Belize
67%
G Greece
67%
K Kosovo
67%
N Niger
67%
S Seychelles
67%
T Turkey
67%
B Belgium
58%
C Cyprus
58%
P Philippines
58%
C Comoros
50%
L Lesotho
50%
L Liechtenstein
50%
M Mexico
50%
M Morocco
50%
R Republic of the Congo
50%
B Burundi
42%
L Luxembourg
42%
C Côte d'Ivoire
8%
M Montenegro
8%
No matching quizzes found
Score Distribution
Percent of People with Each Score
Percentile by Number Answered
Your Score History
You have not taken this quiz since the last reset